| 000 | 00744nam a22002057a 4500 | ||
|---|---|---|---|
| 999 |
_c61740 _d61740 |
||
| 005 | 20240425153852.0 | ||
| 008 | 240425s2006 enk||||| |||| 00| 0 eng d | ||
| 020 | _a9780443066603x | ||
| 041 | _aeng | ||
| 080 | _a616.15 L-63 | ||
| 100 |
_aLewis, S. Mitchell _921939 |
||
| 245 |
_aDacie and Lewis Practical Haematology / _cS. Mitchell Lewis, Barbara J. Bain, Imelda Bates. |
||
| 264 |
_aPhiladelphia : _bChurchill Livingstone, _c2006. |
||
| 300 |
_a722 p.: _bill. _c24 cm. |
||
| 653 | _aპრაქტიკული ჰემატოლოგია | ||
| 653 | _aმედიცინა | ||
| 700 |
_aBain, Barbara J. _eავტორი _921940 |
||
| 700 |
_aBates, Imelda _eავტორი _921941 |
||
| 942 |
_2udc _cᲬᲘᲒᲜᲘ |
||